Danh y

Zapisane w:
Opis bibliograficzny
1. autor: Trình, Ngọc Hoa
Format: Książka
Język:Undetermined
Wydane: Thành phố Hồ Chí Minh Trẻ 2003
Hasła przedmiotowe:
Etykiety: Dodaj etykietę
Nie ma etykietki, Dołącz pierwszą etykiete!
Thư viện lưu trữ: Trung tâm Học liệu Trường Đại học Cần Thơ
LEADER 00545nam a2200193Ia 4500
001 CTU_60434
008 210402s9999 xx 000 0 und d
020 |b 9000 
082 |a 895.1301 
082 |b H401 
100 |a Trình, Ngọc Hoa 
245 0 |a Danh y 
245 0 |c Trình Ngọc Hoa; Cúc Hoa biên dịch 
260 |a Thành phố Hồ Chí Minh 
260 |b Trẻ 
260 |c 2003 
650 |a Short stories, chinese ( vietnamese ) 
904 |i Minh, Năm 
980 |a Trung tâm Học liệu Trường Đại học Cần Thơ